000 00909cgm a2200289 4500
001 J1129
008 090401t1992 xxu||||| |||| 00| 0 eng d
035 _a(Sirsi) u41923
041 _aeng
050 _a336.271
100 _aJohnson, Tony
245 _aVAT and the property industry No. 3 (sound recording).
260 _aLondon
_bRoyal Institution of Chartered Surveyors
_c1992
300 _a1 sound cassette (60 min.)
350 _a0
490 _aOwlion Audio Programme
520 _aThis programme explains the principle and operation of VAT with specific reference to the world of property.
650 _aAUDIO CASSETTES
650 _aPROPERTY INDUSTRY
650 _aVALUE ADDED TAX
690 _aTAXATION
700 _aMurray, Keith
710 _aRoyal Institution of Chartered Surveyors
_94900
710 _aCollege of Estate Management
_9400
942 _n0
948 _c04/03/1997
999 _c85244
_d85244